Score 0/28 Timer 08:00
0 Plays Today
Actors/Actresses Characters (full names, if applicable) % Correct
David DuchovnyFox Mulder
99.7%
Gillian AndersonDana Scully
99.5%
Mitch PileggiWalter Skinner
87.3%
William B. DavisCigarette Smoking Man
78.7%
Nicholas LeaAlex Krycek
67.5%
Robert PatrickJohn Doggett
67.5%
Annabeth GishMonica Reyes
65.2%
Jerry HardinDeep Throat
58.7%
Tom BraidwoodMelvin Frohike
50.4%
Steven WilliamsMr. X
50.1%
Melinda McGrawMelissa Scully
48.3%
Vanessa Morley & Megan LeitchSamantha Mulder
47.8%
Chris OwensJeffrey Spender
46.8%
Mimi RogersDiana Fowley
43.6%
Actors/Actresses Characters (full names, if applicable) % Correct
Don DavisWilliam Scully
41.8%
Peter DonatWilliam Mulder
41.8%
John NevilleWell-Manicured Man
41.3%
Bruce HarwoodJohn Fitzgerald Byers
41%
Laurie HoldenMarita Covarrubias
37.7%
Sheila LarkinMargaret Scully
36.6%
Dean HaglundRichard Langly
35.8%
Rebecca ToolanTeena Mulder
35.3%
James Pickins, Jr.Alvin Kersh
34.3%
Brian ThompsonAlien Bounty Hunter
32.5%
Veronica CartwrightCassandra Spender
30.9%
Doug HutchisonEugene Victor Tooms
27.8%
Steve RailsbackDuane Barry
21.6%
Brendan BeiserPendrell
18.2%
Remove Ads.
Support Sporcle.
Get the best of Sporcle when you Go Orange. This ad-free experience offers more features, more stats, and more fun while also helping to support Sporcle. Thank you for becoming a member.

You're not logged in!

Compare scores with friends on all Sporcle quizzes.
OR
Log In

Show Comments

Extras

Top Quizzes Today


Score Distribution

Your Account Isn't Verified!

In order to create a playlist on Sporcle, you need to verify the email address you used during registration. Go to your Sporcle Settings to finish the process.

Report this User

Report this user for behavior that violates our Community Guidelines.

Details: